Statistics for Taylor Swift - Out Of The Woods Lyrics

Click here to take the quiz!

General Stats

  • This quiz has been taken 150 times
  • The average score is 477 of 495

Answer Stats

Answer% Correct
a
100%
Are
100%
clear
100%
I
100%
in
100%
of
100%
out
100%
the
100%
The
100%
We
100%
we
100%
woods?
100%
woods
100%
yet?
99%
yet
99%
so
98%
you
97%
You
97%
at
96%
Looking
96%
looking
96%
To
96%
to
96%
were
96%
And
95%
and
95%
hospital
95%
me
95%
room
95%
too
95%
was
95%
when
95%
When
95%
now
94%
remember
94%
Remember
94%
soon?
94%
Twenty
94%
baby
93%
Baby
93%
hit
93%
it
93%
sun
93%
then
93%
could
92%
Oh
92%
started
92%
stitches
92%
woods?
92%
came
91%
did
91%
up
91%
crying
90%
thinkin
90%
all
89%
Good
89%
But
88%
but
88%
couldn't
88%
on
88%
monsters
87%
us
87%
just
86%
simple
86%
turned
86%
be
85%
take
85%
took
85%
trees
85%
free"
84%
seems
84%
your
84%
brakes
83%
color
83%
dance
83%
heat?
83%
my
83%
polaroid
83%
thinking
83%
black
82%
flying
82%
screaming
82%
white
82%
world
82%
couch
81%
"I'm
81%
rest
81%
chance
80%
move
80%
said
80%
walked
80%
airplanes
79%
apart
79%
back
79%
fall
79%
forget
79%
from
79%
lying
79%
neck
79%
night
79%
hanging
78%
setting
78%
together
78%
quite
77%
discovered
76%
paper
76%
Two
76%
decided
75%
furniture
74%
stood
73%
built
72%
last
72%
December
71%
decided
70%
necklace
69%

Score Distribution

Percentile by Number Answered

Percent of People with Each Score

Your Score History

You have not taken this quiz